| 000 | 01249nam a2200253Ia 4500 | ||
|---|---|---|---|
| 999 |
_c52153 _d52153 |
||
| 001 | 19160 | ||
| 003 | GE_BSU | ||
| 005 | 20220920144445.0 | ||
| 008 | 181216s2008||||ge |||||||||||||| ||rus|| | ||
| 040 | _cGE_BSU | ||
| 041 | _arus | ||
| 080 | _a82 А-23 | ||
| 100 |
_aАгаджанова, Лилия _910562 |
||
| 245 |
_aКреолизованные тексты как носители национально-культурной информации: დისერტაცია / _cЛилия Агаджанова; Научн. руководитель М. Арошидзе; Батумский гос. ун-т им. Ш. Руставели. |
||
| 264 |
_aБатуми : _bБатумский гос. ун-т им. Ш. Руставели, _c2008. |
||
| 300 |
_a139 стр. ; _b30 см. |
||
| 653 | _aКреолизованные тексты как носители национально-культурной информации | ||
| 653 | _aлитературоведение | ||
| 653 | _aლიტმცოდნეობა | ||
| 653 | _aდისერტაცია | ||
| 653 | _aдиссертация | ||
| 700 |
_aАрошидзе, М. _eმეცნიერ ხელმძღვანელი _910563 |
||
| 942 |
_cBK _2udc |
||